Principles of electromechanical-energy conversion (Record no. 23169)

000 -LEADER
fixed length control field 00596nam a22002051 4500
001 - CONTROL NUMBER
control field 23169
003 - CONTROL NUMBER IDENTIFIER
control field BD-DhUET
008 - FIXED-LENGTH DATA ELEMENTS--GENERAL INFORMATION
fixed length control field 730301s1966 xx 000 0 eng
040 ## - CATALOGING SOURCE
Original cataloging agency DLC
Transcribing agency DLC
Modifying agency BD-DhUET
082 ## - DEWEY DECIMAL CLASSIFICATION NUMBER
Classification number 623.13
Item number MEI/1966
100 ## - MAIN ENTRY--PERSONAL NAME
Personal name Meisel, Jerome
245 10 - TITLE STATEMENT
Title Principles of electromechanical-energy conversion
250 ## - EDITION STATEMENT
Edition statement 1st ed.
260 ## - PUBLICATION, DISTRIBUTION, ETC. (IMPRINT)
Place of publication, distribution, etc. New York
Name of publisher, distributor, etc. McGraw-Hill
Date of publication, distribution, etc. 1966
300 ## - PHYSICAL DESCRIPTION
Extent xvii, 639p.
Other physical details ill.
490 ## - SERIES STATEMENT
Series statement McGraw-Hill electrical and electronic engineering series
504 ## - BIBLIOGRAPHY, ETC. NOTE
Bibliography, etc Includes bibliographies
650 #0 - SUBJECT ADDED ENTRY--TOPICAL TERM
Topical term or geographic name as entry element Mechinery: Electrical engineering
942 ## - ADDED ENTRY ELEMENTS (KOHA)
Koha item type General Book
Holdings
Koha full call number Damaged status Shelving location Withdrawn status Date acquired Location (home branch) Koha item type Lost status Sublocation or collection (holding branch) Piece designation (barcode) Not for loan Price effective from Koha normalized classification for sorting Koha date last seen Copy number Source of classification or shelving scheme
623.13/MEI/1968 Circulation section 2015-05-03Central Library, BUETGeneral Book Central Library, BUET11878 2015-05-03623_130000000000000_MEI_19682015-05-031 
623.13/MEI/1966 Circulation section 2015-05-03Central Library, BUETGeneral Book Central Library, BUET11877 2015-05-03623_130000000000000_MEI_19662015-05-032 
623.13/MEI/1966 Circulation section 2015-05-03Central Library, BUETGeneral Book Central Library, BUET11875 2015-05-03623_130000000000000_MEI_19662015-05-033 
623.13/MEI/1966 Circulation section 2015-05-03Central Library, BUETGeneral Book Central Library, BUET11438 2015-05-03623_130000000000000_MEI_19662015-05-034 
623.13/MEI/1966 Circulation section 2015-05-03Central Library, BUETGeneral Book Central Library, BUET11876 2015-05-03623_130000000000000_MEI_19662015-05-035 
623.13/MEI/1966 Circulation section 2015-05-03Central Library, BUETGeneral Book Central Library, BUET11437 2015-05-03623_130000000000000_MEI_19662015-05-036 
623.13/MEI/1966 Circulation section 2015-05-03Central Library, BUETGeneral Book Central Library, BUET11879 2015-05-03623_130000000000000_MEI_19662015-05-037 
623.13/MEI/1966 Circulation section 2015-05-03Central Library, BUETGeneral Book Central Library, BUET84929 2015-05-03623_130000000000000_MEI_19662015-05-038 
623.13/MEI/1966 Circulation section 2015-05-07Central Library, BUETGeneral Book Central Library, BUET15539 2015-05-07623_130000000000000_MEI_19662015-05-079 
623.13/MEI/1966 Circulation section 2015-07-12Central Library, BUETGeneral Book Central Library, BUET39251 2015-07-12623_130000000000000_MEI_19662015-07-1210